| 000 | 00845nam a2200241 i 4500 | ||
|---|---|---|---|
| 001 | 183523 | ||
| 003 | ES-MaACL | ||
| 005 | 20231105122912.0 | ||
| 008 | 140711s2013 sp |||| | spa d | ||
| 020 | _a9788468633435 | ||
| 080 | _a17.022.1 | ||
| 100 | 1 |
_aCorbí, Marià. _940466 |
|
| 245 | 1 | 3 |
_aLa construcción de los proyectos axiológicos colectivos _b: principios de epistemología axiológica / _cMarià Corbí. |
| 260 |
_a[Barcelona] : _bCETR : _bBubok, _cD. L. 2013. |
||
| 300 |
_a333 p. ; _c21 cm. |
||
| 504 | _aBibliografía: p. 329-333. | ||
| 650 | 4 |
_aValores (Filosofía) _9154937 |
|
| 710 | 2 |
_aCentro de Estudio de las Tradiciones Religiosas. _9154936 |
|
| 852 |
_aES-MaACL _jA-13135 _9190464 _bR.149916 _cDEPO1 _dOlim:N-6135 |
||
| 942 |
_2udc _cMONOGRAFIA _n0 |
||
| 999 |
_c183523 _d183523 |
||